[Event "TIPC 2010"]
[Site "Charleroi"]
[Date "2010.08.06"]
[Round "8.15"]
[White "Duhayon, Yves"]
[Black "Winants, Henri"]
[Result "1-0"]
[WhiteElo "2211"]
[BlackElo "1953"]
[PlyCount "57"]

1. d4 Nf6 2. c4 g6 3. Nc3 Bg7 4. e4 d6 5. Nf3 O-O 6. Be2 e5 7. d5 a5 8. Nd2 h5
9. Nf1 Na6 10. Bg5 Qe8 11. Nd2 Bd7 12. O-O Nc5 13. Qc2 Nh7 14. Be3 f5 15. exf5
Bxf5 16. Nde4 Nf6 17. Bxc5 dxc5 18. Bd3 Nxe4 19. Bxe4 Bxe4 20. Nxe4 Qe7 21.
Rad1 Kh7 22. d6 cxd6 23. Rxd6 Ra6 24. Rxa6 bxa6 25. Rd1 Rd8 26. Rxd8 Qxd8 27.
Nxc5 e4 28. Nxe4 Bxb2 29. c5 1-0

[Event "TIPC 2010"]
[Site "Charleroi"]
[Date "2010.08.06"]
[Round "8.16"]
[White "Porteman, Eric"]
[Black "Barbier, Wim"]
[Result "0-1"]
[WhiteElo "1931"]
[BlackElo "2151"]
[PlyCount "132"]

1. c4 c5 2. Nc3 g6 3. g3 Bg7 4. Bg2 Nc6 5. e3 e5 6. Nge2 Nge7 7. O-O O-O 8. d3
d6 9. Rb1 Be6 10. Nd5 Rb8 11. Nec3 Qd7 12. Qa4 a5 13. Bd2 f5 14. Nxe7+ Nxe7 15.
Qxa5 e4 16. Qb5 Qxb5 17. Nxb5 exd3 18. Nxd6 b5 19. cxb5 Bxa2 20. Ra1 Bd5 21.
Bxd5+ Nxd5 22. Ra5 Bxb2 23. Rd1 Rfd8 24. Nc4 Bc3 25. Ra3 Bxd2 26. Rxd2 Nb4 27.
b6 Ra8 28. Rxa8 Rxa8 29. Ne5 Rd8 30. b7 Rb8 31. Nxd3 Nxd3 32. Rxd3 Rxb7 33.
Rd8+ Kf7 34. Rc8 Rb5 35. Rc7+ Ke6 36. Rxh7 Kd5 37. Rd7+ Kc4 38. Rd1 Kc3 39. Kf1
c4 40. Ke1 Rb6 41. Rc1+ Kd3 42. Rd1+ Kc2 43. Rd2+ Kb3 44. Rd1 Ka2 45. Rc1 Rc6
46. Kd2 Kb2 47. Rc2+ Kb3 48. Rc3+ Kb4 49. Rc1 c3+ 50. Kc2 Ra6 51. Rb1+ Kc4 52.
Rb8 Ra2+ 53. Kc1 Rxf2 54. Rc8+ Kd3 55. Rd8+ Kxe3 56. Rd6 g5 57. h4 f4 58. gxf4
gxh4 59. Rh6 Rxf4 60. Kc2 Kf3 61. Kxc3 Kg3 62. Kd3 h3 63. Ke3 Rg4 64. Rf6 h2
65. Rf3+ Kg2 66. Rf2+ Kg1 0-1

[Event "TIPC 2010"]
[Site "Charleroi"]
[Date "2010.08.06"]
[Round "8.18"]
[White "Ponnet, Hendrik"]
[Black "César, André"]
[Result "1-0"]
[WhiteElo "2072"]
[BlackElo "1788"]
[PlyCount "45"]

1. e4 c6 2. d4 d5 3. f3 g6 4. Nc3 Bg7 5. Be3 dxe4 6. fxe4 Nf6 7. Nf3 Qb6 8. a3
O-O 9. Bc4 Bg4 10. Qd2 Qc7 11. e5 Nfd7 12. O-O Bxf3 13. Rxf3 e6 14. Raf1 Nb6
15. Bb3 Nd5 16. Ne4 Nd7 17. Ng5 Nxe3 18. Qxe3 Bh6 19. Rh3 Bxg5 20. Qxg5 Rfe8
21. Rxf7 Kxf7 22. Rxh7+ Kf8 23. Qh6+ 1-0

[Event "TIPC 2010"]
[Site "Charleroi"]
[Date "2010.08.06"]
[Round "8.19"]
[White "Russo, Bruno"]
[Black "Cornil, Etienne"]
[Result "0-1"]
[WhiteElo "1949"]
[BlackElo "1994"]
[PlyCount "60"]

1. e4 d6 2. d4 Nf6 3. Nc3 g6 4. Bg5 c6 5. Qd2 b5 6. Bd3 Nbd7 7. f4 Nb6 8. Nf3
Bg7 9. O-O O-O 10. e5 Nfd5 11. Ne4 Qc7 12. Ne1 f6 13. exd6 exd6 14. Bh4 f5 15.
Ng5 Bxd4+ 16. Kh1 Bxb2 17. Rb1 Bg7 18. Rf3 h6 19. Nh3 Qf7 20. Rg3 Nf6 21. Bxf6
Qxf6 22. Nf3 Be6 23. Nf2 Bxa2 24. Rg1 Bc4 25. Rh3 h5 26. Ng5 Rae8 27. Qd1 Bd5
28. Rh4 Nc4 29. Bxc4 bxc4 30. h3 Bh6 0-1

[Event "TIPC 2010"]
[Site "Charleroi"]
[Date "2010.08.06"]
[Round "8.20"]
[White "Leloutre, Bernard"]
[Black "Giadrosic, Dinko"]
[Result "0-1"]
[WhiteElo "1883"]
[BlackElo "1983"]
[PlyCount "56"]

1. c4 Nf6 2. Nc3 d6 3. Nf3 e5 4. e4 Be7 5. Be2 O-O 6. O-O c6 7. d4 Qc7 8. h3 a6
9. a4 h6 10. Be3 Nh7 11. g4 exd4 12. Bxd4 Nd7 13. Nh2 b6 14. f4 Bb7 15. Bd3
Rfe8 16. g5 hxg5 17. fxg5 Ne5 18. h4 Qd7 19. Be2 Qh3 20. Bh5 g6 21. Bxe5 dxe5
22. Ng4 Bc5+ 23. Nf2 gxh5 24. Qxh5 Qg3+ 25. Kh1 Bxf2 26. Rxf2 Qxf2 27. g6 fxg6
28. Qxg6+ Kh8 0-1

[Event "TIPC 2010"]
[Site "Charleroi"]
[Date "2010.08.07"]
[Round "9.1"]
[White "Claesen, Pieter"]
[Black "Vandevoort, Pascal"]
[Result "1-0"]
[WhiteElo "2350"]
[BlackElo "2345"]
[PlyCount "91"]

1. c4 e5 2. Nc3 Nf6 3. Nf3 Nc6 4. g3 d5 5. cxd5 Nxd5 6. Bg2 Nb6 7. O-O Be7 8.
d3 O-O 9. Be3 Be6 10. Qc1 f6 11. Nd2 Nd5 12. Nxd5 Bxd5 13. Bxd5+ Qxd5 14. Qc4
Qxc4 15. Nxc4 Nd4 16. Bxd4 exd4 17. Rac1 c5 18. Rc2 Rfe8 19. Nd2 Bf8 20. Ne4 b6
21. g4 Re5 22. f4 Rxe4 23. dxe4 Re8 24. e5 fxe5 25. fxe5 Rxe5 26. Rf5 Rxf5 27.
gxf5 Kf7 28. Kf2 Bd6 29. Kf3 Bxh2 30. Ke4 Kf6 31. Rc1 g6 32. Rh1 gxf5+ 33. Kd5
Bg3 34. Rxh7 Kg5 35. Rxa7 Kf4 36. Ra3 Be1 37. Rf3+ Kg4 38. b3 Bd2 39. Rf1 Bc3
40. Rf3 Bd2 41. Rf1 Bc3 42. Kc6 Ba5 43. Kb5 f4 44. a3 Bd2 45. Kxb6 Be3 46. Kb5
1-0

[Event "TIPC 2010"]
[Site "Charleroi"]
[Date "2010.08.07"]
[Round "9.2"]
[White "Wirig, Anthony"]
[Black "Van der Stricht, Geert"]
[Result "1-0"]
[WhiteElo "2489"]
[BlackElo "2393"]
[PlyCount "61"]

1. d4 d5 2. Nf3 c6 3. c4 Nf6 4. Qc2 dxc4 5. e4 b5 6. b3 cxb3 7. axb3 e6 8. Bd2
a5 9. Bd3 Bb7 10. O-O Be7 11. Rc1 h6 12. Nc3 Na6 13. e5 Nb4 14. exf6 Nxc2 15.
fxe7 Kxe7 16. Rxc2 c5 17. Nxb5 Bxf3 18. gxf3 cxd4 19. Rc7+ Kf6 20. Rac1 a4 21.
bxa4 Rxa4 22. Bf4 g5 23. Bg3 Rf8 24. Bd6 Re8 25. Rb7 Ra6 26. Rcc7 Rxd6 27. Nxd6
Rf8 28. Rxf7+ Rxf7 29. Rxf7+ Ke5 30. Nc4+ Kd5 31. Rd7+ 1-0

[Event "TIPC 2010"]
[Site "Charleroi"]
[Date "2010.08.07"]
[Round "9.3"]
[White "Rausis, Igor"]
[Black "Vandenbussche, Thibaut"]
[Result "0-1"]
[WhiteElo "2466"]
[BlackElo "2317"]
[PlyCount "66"]

1. e4 g6 2. d4 Bg7 3. c3 d6 4. Bd3 e5 5. Nf3 Nd7 6. O-O Ngf6 7. Re1 O-O 8. Na3
h6 9. b4 d5 10. exd5 exd4 11. c4 a5 12. Bd2 Ng4 13. Nb5 c6 14. dxc6 bxc6 15.
Nbxd4 Nde5 16. Be4 Nxf2 17. Kxf2 Ng4+ 18. Kf1 Bxd4 19. Bf4 Bxa1 20. Qxa1 Qb6
21. Qd4 Qxd4 22. Nxd4 axb4 23. h3 Nf6 24. Bxc6 Rxa2 25. Be5 Nh5 26. Rb1 Rd8 27.
Bd5 Ba6 28. Kg1 Re8 29. Nf3 Re2 30. Bd6 Nf6 31. Bc6 Rc8 32. Nd4 Rd2 33. Be5
Rxd4 0-1

[Event "TIPC 2010"]
[Site "Charleroi"]
[Date "2010.08.07"]
[Round "9.4"]
[White "Godart, François"]
[Black "Houriez, Clément"]
[Result "1/2-1/2"]
[WhiteElo "2240"]
[BlackElo "2259"]
[PlyCount "82"]

1. d4 Nf6 2. c4 e6 3. Nf3 b6 4. a3 Ba6 5. Qc2 Bb7 6. Nc3 c5 7. e4 cxd4 8. Nxd4
d6 9. Bg5 Nbd7 10. Rd1 a6 11. Be2 Be7 12. O-O O-O 13. f4 Qc7 14. Qb1 Rac8 15.
f5 Nc5 16. fxe6 fxe6 17. Bf3 e5 18. Nf5 g6 19. Nxe7+ Qxe7 20. Bg4 Rc7 21. Bxf6
Rxf6 22. Rxf6 Qxf6 23. b4 Nd7 24. Qd3 Kg7 25. Qxd6 Qxd6 26. Rxd6 Nf6 27. Be2
Rc6 28. Rxc6 Bxc6 29. Bd3 a5 30. Nd5 axb4 31. axb4 b5 32. Nxf6 bxc4 33. Bxc4
Kxf6 34. Bd3 Ke7 35. Kf2 Kd6 36. Kf3 Bd7 37. Bc4 Be8 38. Ke3 Bd7 39. Kd3 h6 40.
h4 Be8 41. Kc3 Kc6 {ILLISIBLE} 1/2-1/2

[Event "TIPC 2010"]
[Site "Charleroi"]
[Date "2010.08.07"]
[Round "9.5"]
[White "Bolzoni, Victor"]
[Black "Maes, Wim"]
[Result "1/2-1/2"]
[WhiteElo "2240"]
[BlackElo "2232"]
[PlyCount "120"]

1. e4 c5 2. Nf3 e6 3. c3 d5 4. e5 d4 5. Bd3 Bd7 6. O-O Bc6 7. Re1 Ne7 8. b3 Ng6
9. cxd4 cxd4 10. Bb2 Bc5 11. Na3 O-O 12. Rc1 Nd7 13. Be4 Rc8 14. Bxc6 Rxc6 15.
Nxd4 Ra6 16. Ndb5 Qe7 17. d4 Bxa3 18. Bxa3 Rxa3 19. Nxa3 Qxa3 20. Rc7 Nb6 21.
Qd2 h6 22. g3 Nd5 23. Rxb7 Rc8 24. Qe2 Nge7 25. h4 Nf5 26. Qd3 Qxa2 27. h5 Qa5
28. Rb1 Qa2 29. Rd1 Qa5 30. Kh2 Qa2 31. Rd2 Qa1 32. g4 Rc1 33. Qe4 Nfe7 34. Rd1
g6 35. Rb8+ Kg7 36. Rxc1 Qxc1 37. hxg6 Nxg6 38. Rb7 Qg5 39. Rxa7 Ndf4 40. Qf3
Nh4 41. Qb7 Qg6 42. Kg3 Nhg2 43. Qe7 Nd5 44. Qe8 h5 45. Kh2 Ne1 46. Ra8 Nf3+
47. Kg2 Qxg4+ 48. Kf1 Qh3+ 49. Ke2 Nxd4+ 50. Ke1 Qc3+ 51. Kf1 Qc1+ 52. Kg2 Ne3+
53. fxe3 Qd2+ 54. Kh1 Qe1+ 55. Kg2 Qe2+ 56. Kh1 Qf1+ 57. Kh2 Qf2+ 58. Kh1 Qf3+
59. Kh2 Qf2+ 60. Kh1 Qf3+ 1/2-1/2

[Event "TIPC 2010"]
[Site "Charleroi"]
[Date "2010.08.07"]
[Round "9.6"]
[White "Hautot, Stéphane"]
[Black "Sclacmender, Julien"]
[Result "1/2-1/2"]
[WhiteElo "2422"]
[BlackElo "2214"]
[PlyCount "26"]

1. e4 c5 2. Nf3 Nc6 3. Nc3 g6 4. d4 cxd4 5. Nxd4 Bg7 6. Nb3 Nf6 7. Be2 O-O 8.
O-O d6 9. Re1 Be6 10. Bf1 a5 11. a4 Bxb3 12. cxb3 e6 13. g4 d5 1/2-1/2

[Event "TIPC 2010"]
[Site "Charleroi"]
[Date "2010.08.07"]
[Round "9.8"]
[White "Van Mechelen, Jan"]
[Black "Vanhee, Freddy"]
[Result "1-0"]
[WhiteElo "2278"]
[BlackElo "1960"]
[PlyCount "81"]

1. Nf3 d5 2. g3 c6 3. Bg2 e6 4. O-O f5 5. d4 Bd6 6. c4 Nf6 7. b3 Qe7 8. Bb2 O-O
9. Qc1 Nbd7 10. Ba3 Bxa3 11. Qxa3 Qxa3 12. Nxa3 Ne4 13. Rfc1 Ndf6 14. Ne5 Bd7
15. Nc2 Be8 16. Ne1 Nd7 17. Nxd7 Bxd7 18. Nd3 Rad8 19. a4 g5 20. e3 Nf6 21. c5
Be8 22. b4 Rd7 23. b5 Rg7 24. bxc6 Bxc6 25. Bf1 Ne4 26. Rc2 h5 27. Ne5 h4 28.
f3 Nf6 29. Bb5 Rc8 30. Rb1 hxg3 31. hxg3 g4 32. f4 Ne4 33. Rh2 Bxb5 34. axb5
Nxg3 35. Kg2 Ne4 36. Rbh1 Rgc7 37. Rh6 Kg7 38. Rg6+ Kf8 39. Rh8+ Ke7 40. Rh7+
Kf8 41. Nd7+ 1-0

[Event "TIPC 2010"]
[Site "Charleroi"]
[Date "2010.08.07"]
[Round "9.9"]
[White "Maraite, Grégory"]
[Black "Duhayon, Yves"]
[Result "1/2-1/2"]
[WhiteElo "2150"]
[BlackElo "2211"]
[PlyCount "94"]

1. e4 e5 2. Nf3 Nc6 3. Bc4 Nf6 4. d3 Be7 5. O-O O-O 6. Re1 d6 7. a4 h6 8. a5 a6
9. c3 Nh7 10. Be3 Ng5 11. Nxg5 Bxg5 12. Nd2 Kh8 13. Qh5 Bxe3 14. fxe3 Be6 15.
Rf1 d5 16. exd5 Bxd5 17. Qe2 Bxc4 18. Nxc4 Qd7 19. e4 Rad8 20. Rf3 f5 21. exf5
Rxf5 22. Raf1 Rdf8 23. Rxf5 Rxf5 24. Rxf5 Qxf5 25. Qf1 Qg6 26. Qf3 Qg5 27. g3
Kg8 28. Kg2 Qe7 29. b4 Qd7 30. h4 Qe6 31. Qe4 Qd7 32. Ne3 Qf7 33. Qd5 Kf8 34.
Qxf7+ Kxf7 35. Nd5 Na7 36. Nxc7 Ke7 37. Kf3 g6 38. Ke4 Kd6 39. Nd5 Nb5 40. g4
Ke6 41. c4 Nd4 42. b5 Nb3 43. bxa6 Nc5+ 44. Ke3 bxa6 45. Nb4 h5 46. gxh5 gxh5
47. Nc6 Nb7 1/2-1/2

[Event "TIPC 2010"]
[Site "Charleroi"]
[Date "2010.08.07"]
[Round "9.10"]
[White "Hulpia, Fabian"]
[Black "Lacroix, Bruno"]
[Result "0-1"]
[WhiteElo "2069"]
[BlackElo "2165"]
[PlyCount "94"]

1. e4 e6 2. d3 d5 3. Nd2 c5 4. g3 g6 5. Bg2 Bg7 6. Ngf3 Ne7 7. h4 h6 8. c3 Nbc6
9. O-O O-O 10. Re1 b6 11. Nf1 Ba6 12. e5 b5 13. d4 b4 14. Qa4 Qa5 15. Qxa5 Nxa5
16. cxb4 cxb4 17. Bd2 Rfb8 18. b3 Nac6 19. Rec1 Be2 20. N1h2 Rb6 21. g4 Bf8 22.
Bf1 Bxf1 23. Nxf1 a5 24. Ne3 a4 25. Nc2 Nc8 26. Kg2 Rba6 27. Kf1 N8a7 28. Ke2
Nb5 29. Kd3 Kg7 30. g5 h5 31. Nh2 axb3 32. axb3 Rxa1 33. Rxa1 Rxa1 34. Nxa1
Nbxd4 35. f4 Nf5 36. Nf3 Na5 37. Nc2 Nxb3 38. Bxb4 Bxb4 39. Nxb4 Nc5+ 40. Ke2
Kf8 41. Nc6 Ne4 42. Kd3 Ke8 43. Ncd4 Nxd4 44. Kxd4 Kd7 45. Ne1 Kc6 46. Nc2 Ng3
47. Nb4+ Kd7 0-1

[Event "TIPC 2010"]
[Site "Charleroi"]
[Date "2010.08.07"]
[Round "9.11"]
[White "Barbier, Wim"]
[Black "Di Cosmo, Jonathan"]
[Result "1/2-1/2"]
[WhiteElo "2151"]
[BlackElo "2019"]
[PlyCount "80"]

1. c4 c6 2. g3 d5 3. Bg2 Nf6 4. Nf3 Bf5 5. cxd5 cxd5 6. Qb3 Qc7 7. Nc3 e6 8.
O-O Nc6 9. d3 Qd7 10. Bf4 Nh5 11. e4 Nxf4 12. gxf4 dxe4 13. dxe4 Bg4 14. Nb5
Bc5 15. e5 Ne7 16. Rfd1 Nd5 17. Rac1 b6 18. h3 Bh5 19. Rd2 Qe7 20. Rcd1 O-O 21.
Nc3 Nxc3 22. bxc3 Rad8 23. Qa4 a5 24. Rd7 Rxd7 25. Rxd7 Qe8 26. Qc6 Qc8 27. Ng5
Qxc6 28. Bxc6 h6 29. Ne4 Rc8 30. Bb7 Rb8 31. Kg2 Bg6 32. Kf3 Bxe4+ 33. Bxe4 Kf8
34. f5 exf5 35. Bd5 Be7 36. c4 g5 37. h4 Ke8 38. Bc6 Rc8 39. Rc7+ Kd8 40. Rd7+
Ke8 1/2-1/2

[Event "TIPC 2010"]
[Site "Charleroi"]
[Date "2010.08.07"]
[Round "9.12"]
[White "Cornil, Etienne"]
[Black "Uhoda, Philippe"]
[Result "1/2-1/2"]
[WhiteElo "1994"]
[BlackElo "2143"]
[PlyCount "66"]

1. d3 e5 2. Nf3 Nc6 3. g3 g6 4. Bg2 Bg7 5. O-O d6 6. c4 f5 7. Nc3 Nf6 8. Rb1 h6
9. Bd2 O-O 10. b4 Be6 11. Qc2 Ne7 12. Rfc1 Nh5 13. Nd5 c6 14. Nxe7+ Qxe7 15.
Bc3 g5 16. c5 g4 17. cxd6 Qxd6 18. Nd2 Qd7 19. Qb2 a6 20. a3 Rae8 21. a4 Bd5
22. b5 Bxg2 23. Kxg2 axb5 24. axb5 f4 25. Ne4 f3+ 26. Kg1 fxe2 27. Qxe2 cxb5
28. h3 Rf3 29. hxg4 Qxg4 30. Bd2 Ref8 31. Rb4 Qd7 32. Be3 Qh3 33. Rxb5 R3f7
34. Bc5 Nf4 35. gxf4 exf4 36. f3 1/2-1/2

[Event "TIPC 2010"]
[Site "Charleroi"]
[Date "2010.08.07"]
[Round "9.13"]
[White "Giadrosic, Dinko"]
[Black "Mastalerz, Xavier"]
[Result "0-1"]
[WhiteElo "1983"]
[BlackElo "2120"]
[PlyCount "52"]

1. d4 e6 2. Nf3 Nf6 3. c3 b6 4. Bg5 Be7 5. e3 Bb7 6. Bd3 c5 7. Nbd2 O-O 8. Qc2
h6 9. h4 Nc6 10. Bxf6 Bxf6 11. dxc5 bxc5 12. Bh7+ Kh8 13. Ne4 Be7 14. Neg5 f5
15. Bg6 hxg5 16. Nxg5 Ne5 17. Qe2 Ng4 18. Nf7+ Rxf7 19. Bxf7 Qb6 20. Bh5 Ba6
21. Qd2 Ne5 22. Be2 Rb8 23. f4 Bxe2 24. Qxe2 Ng4 25. O-O-O d5 26. g3 Bf6 0-1

[Event "TIPC 2010"]
[Site "Charleroi"]
[Date "2010.08.07"]
[Round "9.14"]
[White "Hanset, Marc"]
[Black "Remy, Joel"]
[Result "1/2-1/2"]
[WhiteElo "1850"]
[BlackElo "2106"]
[PlyCount "47"]

1. e4 d6 2. d4 Nf6 3. Nc3 g6 4. f4 Bg7 5. Nf3 c5 6. Bb5+ Bd7 7. e5 Ng4 8. e6
Bxb5 9. exf7+ Kd7 10. Nxb5 Qa5+ 11. Nc3 cxd4 12. Nxd4 Bxd4 13. Qxd4 Nc6 14. Qc4
Raf8 15. h3 Nf6 16. O-O Qb6+ 17. Kh2 Qd4 18. Qe2 Rxf7 19. Be3 Qb4 20. a3 Qa5
21. b4 Qc7 22. Nb5 Qb8 23. Rfe1 Rd8 24. Rad1 1/2-1/2

[Event "TIPC 2010"]
[Site "Charleroi"]
[Date "2010.08.07"]
[Round "9.15"]
[White "Noiroux, Kevin"]
[Black "Van Vlaenderen, Koen"]
[Result "0-1"]
[WhiteElo "2162"]
[BlackElo "2056"]
[PlyCount "140"]

1. d4 Nf6 2. c4 g6 3. Nc3 d5 4. cxd5 Nxd5 5. e4 Nxc3 6. bxc3 c5 7. Bb5+ Bd7 8.
Be2 Bg7 9. Nf3 Nc6 10. O-O cxd4 11. cxd4 O-O 12. Rb1 Na5 13. Bg5 Rc8 14. h3 Qc7
15. Bxe7 Rfe8 16. d5 Qf4 17. Bb4 Qxe4 18. Bd3 Qxd5 19. Bxg6 Qxd1 20. Rfxd1 Ba4
21. Rd5 Nc6 22. Bh5 Nxb4 23. Rxb4 Rc1+ 24. Kh2 Bc6 25. Rf5 Re7 26. Ng5 Be5+ 27.
f4 Rc2 28. Bf3 Bd6 29. Rd4 Bc7 30. Ne4 h6 31. Nf6+ Kg7 32. Bxc6 bxc6 33. Ne4
Rxa2 34. Kg3 a5 35. Kf3 Ra3+ 36. Kg4 Bb6 37. Rc4 Re6 38. g3 Re3 39. Re5 Rg6+
40. Kf5 Bd8 41. Re8 Bb6 42. Re7 Rf3 43. h4 Rb3 44. h5 Rb5+ 45. Re5 Re6 46. g4
Rexe5+ 47. fxe5 Bc7 48. Nc5 a4 49. Nd3 a3 50. Rc2 Bxe5 51. Nxe5 f6 52. Rxc6
Rxe5+ 53. Kf4 Ra5 54. Rc7+ Kf8 55. Rc1 a2 56. Ra1 Ke7 57. Re1+ Kd6 58. Ra1 Ke6
59. Re1+ Kd5 60. Kf5 a1=Q 61. Rxa1 Rxa1 62. Kxf6 Ra6+ 63. Kf5 Re6 64. g5 Re5+
65. Kg6 Rxg5+ 66. Kxh6 Rg3 67. Kh7 Ke6 68. h6 Kf7 69. Kh8 Rg8+ 70. Kh7 Rg6 0-1

[Event "TIPC 2010"]
[Site "Charleroi"]
[Date "2010.08.07"]
[Round "9.16"]
[White "Audin, Thierry"]
[Black "Van Uytven, Eric"]
[Result "1/2-1/2"]
[WhiteElo "2011"]
[BlackElo "2160"]
[PlyCount "27"]

1. d4 e6 2. Nc3 d5 3. e4 dxe4 4. Nxe4 Bd7 5. Nf3 Bc6 6. Bd3 Nd7 7. Qe2 Ngf6 8.
Bg5 Be7 9. Ned2 Bxf3 10. Nxf3 O-O 11. c3 c5 12. dxc5 Nxc5 13. Bc2 Nd5 14. Bxe7
1/2-1/2

[Event "TIPC 2010"]
[Site "Charleroi"]
[Date "2010.08.07"]
[Round "9.17"]
[White "Timmermans, Daniel"]
[Black "Hody, Pierre"]
[Result "0-1"]
[WhiteElo "1960"]
[BlackElo "2139"]
[PlyCount "52"]

1. d4 Nf6 2. c4 Nc6 3. Nf3 e6 4. Bg5 Bb4+ 5. Nbd2 h6 6. Bxf6 Qxf6 7. e3 e5 8.
d5 e4 9. Qc2 exf3 10. dxc6 dxc6 11. O-O-O fxg2 12. Bxg2 Qxf2 13. Qe4+ Be6 14.
Rhf1 Qe2 15. Bh3 O-O 16. Bxe6 Bxd2+ 17. Kb1 fxe6 18. Rg1 Qxe3 19. Qg2 Bc3 20.
bxc3 Qxc3 21. Rd7 Rf7 22. Rxf7 Kxf7 23. Qg6+ Kg8 24. Qxe6+ Kh8 25. Qe7 Qd3+ 26.
Ka1 Qd4+ 0-1

[Event "TIPC 2010"]
[Site "Charleroi"]
[Date "2010.08.07"]
[Round "9.18"]
[White "Lombard, Philippe"]
[Black "Verspecht, Thierry"]
[Result "1/2-1/2"]
[WhiteElo "1988"]
[BlackElo "2091"]
[PlyCount "52"]

1. d4 f5 2. e4 fxe4 3. Nc3 Nf6 4. f3 d5 5. fxe4 dxe4 6. Bg5 Nc6 7. Bb5 a6 8.
Bxc6+ bxc6 9. Nge2 g6 10. O-O Bg7 11. Qd2 Rb8 12. b3 O-O 13. Rad1 Bf5 14. h3
Nd5 15. g4 e3 16. Bxe3 Nxe3 17. Qxe3 Bc8 18. Rxf8+ Qxf8 19. Rf1 Qd8 20. Ne4 e5
21. dxe5 Bxe5 22. Ng5 Qe7 23. Rf3 Bd6 24. Ne4 Be5 25. Ng5 Bd6 26. Ne4 Be5
1/2-1/2

[Event "TIPC 2010"]
[Site "Charleroi"]
[Date "2010.08.07"]
[Round "9.19"]
[White "Burnay, Gérard"]
[Black "Russo , Julien"]
[Result "0-1"]
[WhiteElo "1938"]
[BlackElo "2084"]
[PlyCount "54"]

1. e4 e6 2. d4 d5 3. Nd2 Nf6 4. e5 Nfd7 5. Bd3 c5 6. c3 Nc6 7. Ne2 cxd4 8. cxd4
f6 9. exf6 Nxf6 10. Nf3 Qc7 11. O-O Bd6 12. Re1 O-O 13. a3 h6 14. Bd2 Ng4 15.
Ng3 e5 16. dxe5 Ncxe5 17. Be2 Nxf2 18. Qb3 Neg4 19. Qxd5+ Kh8 20. Rac1 Qb6 21.
Qd4 Qxd4 22. Nxd4 Nxh2 23. Kxh2 Ne4 24. Bb4 Bxg3+ 25. Kh1 Rf4 26. Rf1 Rh4+ 27.
Kg1 Bh2+ 0-1

[Event "TIPC 2010"]
[Site "Charleroi"]
[Date "2010.08.07"]
[Round "9.20"]
[White "Baguet, Frédéric"]
[Black "Denivet, Axel"]
[Result "1/2-1/2"]
[WhiteElo "2017"]
[BlackElo "1904"]
[PlyCount "34"]

1. d4 Nf6 2. Nc3 d5 3. e4 dxe4 4. f3 e3 5. Bxe3 Bf5 6. Bc4 e6 7. g4 Bg6 8. h4
h5 9. g5 Nd5 10. Nxd5 exd5 11. Bd3 Bxd3 12. Qxd3 Nc6 13. O-O-O Qe7 14. c3 O-O-O
15. f4 g6 16. Nf3 Bg7 17. Ne5 Bxe5 1/2-1/2